000 00388nam a2200145Ia 4500
008 231217s9999 xx 000 0 und d
041 _aEnglish
082 _a658.5 KRI;1 R
100 _aKrishnaswamy, K N
245 0 _aCases in production/operations management
260 _c1998
_bPHI
_aNew Delhi
300 _aviii+294
650 _aproduction/operations,management
942 _cAA
999 _c170851
_d170851